000 00761nab a2200229 u 4500
001 08063
003 HDC
007 cr bn ---aaaaa
008 210129c2013 my dr|nes 0 a eng d
040 _aHDC
245 0 _aRM1.6bil Private Equity Fund for Halal Industry
260 _aKuala Lumpur :
_b Star Publications (M) Bhd.,
_c2013
336 _atext
_2rdacontent
337 _acomputer
_2rdamedia
338 _aonline resource
_2rdacarrier
650 _aequity fund
_98578
650 _aHalal industry
_zMalaysia
_9204
856 _zRequest full-text at [email protected]
942 _2lcc
942 _cNEWS
942 _kNWSC 002308
999 _c5386
_d5386